| 000 | 005770000a22001810004500 | ||
|---|---|---|---|
| 003 | MACL | ||
| 005 | 20160519162537.0 | ||
| 008 | 160519b xxu||||| |||| 00| 0 eng d | ||
| 040 |
_aMACL _cMACL |
||
| 041 | _aHindi | ||
| 082 | _a891.433 | ||
| 100 |
_aबनफूल _956925 |
||
| 245 |
_aबनफूल की श्रेष्ठ कहानियां _cबनफूल |
||
| 260 |
_bसुरेन्द्रकुमार एण्ड संस _c2002 _aदिल्ली |
||
| 350 | _a200 | ||
| 650 |
_aStory _958283 |
||
| 942 |
_cHIN _k800/BAN/S _2ddc |
||
| 999 |
_c9217 _d9217 |
||